00280nam a22001097a 4500008004100000020001900041082001100060100001700071245004900088260002500137300000800162230916b |||||||| |||| 00| 0 eng d a0-07-0601-68-2 a105.32 aA. P. Mathur aIntroduction to MicroprocessorcA. P. Mathur aNew DELHIbTMHc1995 a612